000 00607nam a2200205Ii 4500
003 JO-AjNU
008 230605s9999||||xx |||||||||||||| ||und||
040 _aJO-AjNU
_bara
_erda
_cJO-AjNU
041 _aara
050 1 4 _aLB1438 1990
100 3 _aمصلح،ع دنان عارف,
_eauthor
_942263
245 0 0 _aالتربية في رياض الأطفال
250 _aط1
264 3 1 _aعمان:دار الفكر،1990
300 _a227ص
336 _atext
_btxt
_2rdacontent
337 _aunmediated
_bn
_2rdamedia
338 _avolume
_bnc
_2rdacarrier
650 4 _a رياض الأطفال
_942264
999 _aA18084
_c21652
_d21652